header

Animals, aging, and the aged (Record no. 39712)

MARC details
000 -LEADER
fixed length control field 01559nam a2200385 a 4500
082 04 - DEWEY DECIMAL CLASSIFICATION NUMBER
Classification number 612/.67/0724
100 1# - MAIN ENTRY--AUTHOR NAME
Personal name Bustad, Leo K.
245 10 - TITLE STATEMENT
Title Animals, aging, and the aged
260 ## - PUBLICATION, DISTRIBUTION, ETC. (IMPRINT)
Place of publication Minneapolis :
Name of publisher University of Minnesota Press,
Year of publication c1980.
300 ## - PHYSICAL DESCRIPTION
Number of Pages xviii, 227 p. :
Other physical details ill.
490 1# - SERIES STATEMENT
Series statement Wesley W. Spink lectures on comparative medicine ;
500 ## - GENERAL NOTE
General note A modified expansion of the 1979 lectures given at the Duluth, Minneapolis, and St. Paul campuses of the University of Minnesota.
650 #0 - SUBJECT ADDED ENTRY--TOPICAL TERM
Topical Term Aging.
Topical Term Aging
Topical Term Geriatrics.
Topical Term Pets
856 40 - ELECTRONIC LOCATION AND ACCESS
Uniform Resource Identifier http://site.ebrary.com/lib/rucke/Doc?id=10231332

No items available.

© 2026 Rongo University
Contact us: librarian | system librarian | Rongo university